| 000 | 00388nam a2200157Ia 4500 | ||
|---|---|---|---|
| 008 | 230312s9999||||xx |||||||||||||| ||und|| | ||
| 020 | _a81-265-4190-4 | ||
| 082 |
_a621.382 _bPOZ-M |
||
| 100 | _aPozar;David.M | ||
| 245 | 0 | _aMicrowave Engineering | |
| 260 |
_bWiley & Sons _aIndia _c2013 |
||
| 300 | _a732 | ||
| 546 | _aEng. | ||
| 650 |
_aEngineering _vMicrowave Engineering |
||
| 942 | _cBK | ||
| 999 |
_c9504 _d9504 |
||